[Event "Titled Tuesday intern op 06th May Early"]
[Site "Chess.com INT"]
[Date "2025.05.06"]
[Round "5"]
[White "Ebrahimi Herab, Hamidreza"]
[Black "Zhauynbay, Aldiyar"]
[Result "1-0"]
[WhiteElo "2404"]
[BlackElo "2265"]
[PlyCount "77"]
[EventDate "2025.05.06"]
[EventType "swiss (blitz)"]
[EventRounds "11"]
[EventCountry "USA"]
[SourceTitle "CB20_2025"]
[SourceDate "2025.05.14"]
[SourceVersion "1"]
[SourceVersionDate "2025.05.14"]
[SourceQuality "1"]

1. d4 Nf6 2. c4 g6 3. Nc3 Bg7 4. e4 d6 5. Be2 0-0 6. Bg5 e5 7. dxe5 dxe5 8. Qxd8 Rxd8 9. Nd5 Nbd7 10. Rd1 Rf8 11. Nxc7 Rb8 12. f3 Nc5 13. Nd5 Nxd5 14. cxd5 Bd7 15. Kd2 Rbc8 16. Rc1 Na4 17. Rxc8 Rxc8 18. b3 Nc3 19. a4 Nb1+ 20. Ke1 Rc3 21. Bb5 Bxb5 22. axb5 Rxb3 23. Ne2 Na3 24. Nc1 Rb4 25. Be7 Rc4 26. Bxa3 Bh6 27. Kd1 Ra4 28. Bb2 Rb4 29. Bxe5 Rxb5 30. Bc3 a5 31. Kc2 a4 32. Nd3 Rb6 33. Ra1 Ra6 34. Nc5 Ra8 35. Rxa4 Rc8 36. Nxb7 Bg7 37. Ra3 Be5 38. d6 Bxh2 39. d7 1-0

[Event "Titled Tuesday intern op 06th May Early"]
[Site "Chess.com INT"]
[Date "2025.05.06"]
[Round "4"]
[White "Hoang, Thi Bao Tram"]
[Black "Ebrahimi Herab, Hamidreza"]
[Result "0-1"]
[WhiteElo "2170"]
[BlackElo "2404"]
[PlyCount "104"]
[EventDate "2025.05.06"]
[EventType "swiss (blitz)"]
[EventRounds "11"]
[EventCountry "USA"]
[SourceTitle "CB20_2025"]
[SourceDate "2025.05.14"]
[SourceVersion "1"]
[SourceVersionDate "2025.05.14"]
[SourceQuality "1"]

1. Nf3 Nf6 2. c4 g6 3. b3 Bg7 4. Bb2 0-0 5. g3 c6 6. Bg2 d5 7. 0-0 Nbd7 8. d3 a5 9. Nc3 Re8 10. cxd5 Nxd5 11. Qd2 Nxc3 12. Bxc3 Bxc3 13. Qxc3 Nf6 14. e4 Bg4 15. Ne5 Be6 16. h3 Nd7 17. Nf3 Nf6 18. Ng5 Qd7 19. f4 Rad8 20. Rad1 Qd4+ 21. Qxd4 Rxd4 22. Nxe6 fxe6 23. Bf3 Red8 24. Be2 e5 25. fxe5 Nd7 26. e6 Nc5 27. Rf7 Re8 28. h4 Nxe6 29. Rf3 Red8 30. Kf2 Nc5 31. Ke3 Nxe4 32. Rc1 Nf6 33. Rc5 R4d5 34. Rc4 Kg7 35. Bf1 Re5+ 36. Kd2 Rf5 37. Rxf5 gxf5 38. Bg2 Kg6 39. Rc5 Ne4+ 40. Bxe4 fxe4 41. Ke3 exd3 42. Kd2 Kf6 43. Rxa5 e5 44. Ra4 h5 45. Rb4 b5 46. a4 bxa4 47. bxa4 Kf5 48. Rc4 e4 49. Rc5+ Kg4 50. Rg5+ Kf3 51. Rf5+ Kxg3 52. Rxh5 e3+ 0-1

[Event "Titled Tuesday intern op 25th Mar Early"]
[Site "Chess.com INT"]
[Date "2025.03.25"]
[Round "10"]
[White "Ebrahimi Herab, Hamidreza"]
[Black "Smirnov, Mark1"]
[Result "1-0"]
[WhiteElo "2417"]
[BlackElo "2336"]
[PlyCount "53"]
[EventDate "2025.03.25"]
[EventType "swiss (blitz)"]
[EventRounds "11"]
[EventCountry "USA"]
[SourceTitle "CB14_2025"]
[SourceDate "2024.11.01"]
[SourceVersion "1"]
[SourceVersionDate "2024.11.01"]
[SourceQuality "1"]

1. d4 Nf6 2. c4 b6 3. Nc3 Bb7 4. Nf3 d5 5. cxd5 Nxd5 6. Qc2 e6 7. e4 Nxc3 8. bxc3 c5 9. Bb5+ Bc6 10. Bxc6+ Nxc6 11. 0-0 Be7 12. Bb2 0-0 13. Rad1 cxd4 14. cxd4 Rc8 15. Qe2 Bf6 16. d5 exd5 17. Rxd5 Qe7 18. e5 Bg5 19. Rfd1 Bh6 20. Rd7 Qe6 21. R1d6 Qxa2 22. h3 Nb4 23. e6 Rc2 24. exf7+ Qxf7 25. Qe4 Re8 26. Qxb4 Qg6 27. Rxg6 1-0

[Event "Titled Tuesday intern op 25th Mar Early"]
[Site "Chess.com INT"]
[Date "2025.03.25"]
[Round "8"]
[White "Ebrahimi Herab, Hamidreza"]
[Black "Yang, Kaiqi"]
[Result "1-0"]
[WhiteElo "2417"]
[BlackElo "2481"]
[PlyCount "87"]
[EventDate "2025.03.25"]
[EventType "swiss (blitz)"]
[EventRounds "11"]
[EventCountry "USA"]
[SourceTitle "CB14_2025"]
[SourceDate "2024.11.01"]
[SourceVersion "1"]
[SourceVersionDate "2024.11.01"]
[SourceQuality "1"]

1. d4 e6 2. c4 f5 3. Nc3 Nf6 4. Bg5 Bb4 5. Qc2 h6 6. Bd2 b6 7. e3 Bb7 8. Nf3 0-0 9. Be2 a5 10. a3 Bxc3 11. Bxc3 Ne4 12. Rd1 d6 13. d5 e5 14. Nd2 Nxc3 15. Qxc3 Nd7 16. 0-0 a4 17. f4 Qe7 18. Rde1 Nc5 19. Bd3 e4 20. Bc2 Bc8 21. Kh1 Bd7 22. Qd4 Rab8 23. g4 fxg4 24. Bxe4 b5 25. Bc2 bxc4 26. Nxc4 Bb5 27. Rf2 Kh8 28. e4 Bxc4 29. Qxc4 Rxb2 30. e5 Qh4 31. Ref1 g3 32. Rg2 gxh2 33. e6 Qf6 34. Re1 Rbb8 35. Bg6 c6 36. e7 Rfe8 37. Bxe8 cxd5 38. Bg6 dxc4 39. e8Q+ Qf8 40. Qxf8+ Rxf8 41. Re8 Rxe8 42. Bxe8 d5 43. Bg6 d4 44. Re2 1-0

[Event "Titled Tuesday intern op 18th Mar Late"]
[Site "Chess.com INT"]
[Date "2025.03.18"]
[Round "3"]
[White "Ebrahimi Herab, Hamidreza"]
[Black "Altini, Nicola"]
[Result "0-1"]
[WhiteElo "2417"]
[BlackElo "2350"]
[PlyCount "116"]
[EventDate "2025.03.18"]
[EventType "swiss (blitz)"]
[EventRounds "11"]
[EventCountry "USA"]
[SourceTitle "CB13_2025"]
[SourceDate "2025.03.26"]
[SourceVersion "1"]
[SourceVersionDate "2025.03.26"]
[SourceQuality "1"]

1. d4 d5 2. c4 e6 3. Nc3 Bb4 4. a3 Bxc3+ 5. bxc3 Nf6 6. f3 c6 7. e4 dxe4 8. fxe4 Nxe4 9. Qg4 Qa5 10. Ne2 Qf5 11. Qxg7 Qf2+ 12. Kd1 Qf6 13. Qxf6 Nxf6 14. Ng3 c5 15. Be2 cxd4 16. cxd4 Nc6 17. Bb2 Ke7 18. d5 Rd8 19. Bf3 exd5 20. Re1+ Be6 21. Nf5+ Kf8 22. Bxf6 dxc4+ 23. Bxd8 Rxd8+ 24. Ke2 Bxf5 25. Bxc6 bxc6 26. Rac1 Bd3+ 27. Kf2 Rb8 28. Re5 Rb2+ 29. Kf3 Rb3 30. Ra5 c3 31. Rxa7 c2 32. Ke3 Bg6+ 33. Ke2 c5 34. a4 c4 35. Rc7 Ra3 36. Kd2 Rxa4 37. h4 h5 38. Kc3 Ra3+ 39. Kxc4 Rg3 40. Kd5 Rxg2 41. Ke5 Kg7 42. Ra7 Rg4 43. Ra3 Rxh4 44. Rg1 Rb4 45. Raa1 Rb1 46. Rc1 Kh6 47. Kf4 Rb4+ 48. Kf3 h4 49. Kg2 Kg5 50. Kh3 Bf5+ 51. Kh2 Rb1 52. Kg2 Be4+ 53. Kf2 f5 54. Rg1+ Kf4 55. Re1 h3 56. Kg1 Rxa1 57. Rxa1 Kg3 58. Ra3+ Bf3 0-1

[Event "Titled Tuesday intern op 18th Mar Late"]
[Site "Chess.com INT"]
[Date "2025.03.18"]
[Round "4"]
[White "Jaskolka, Tomasz"]
[Black "Ebrahimi Herab, Hamidreza"]
[Result "0-1"]
[WhiteElo "2198"]
[BlackElo "2417"]
[PlyCount "54"]
[EventDate "2025.03.18"]
[EventType "swiss (blitz)"]
[EventRounds "11"]
[EventCountry "USA"]
[SourceTitle "CB13_2025"]
[SourceDate "2025.03.26"]
[SourceVersion "1"]
[SourceVersionDate "2025.03.26"]
[SourceQuality "1"]

1. d4 Nf6 2. Nf3 g6 3. g3 Bg7 4. Bg2 0-0 5. c4 d5 6. cxd5 Nxd5 7. e4 Nb6 8. 0-0 Nc6 9. d5 Nb4 10. a3 Na6 11. Nc3 c6 12. dxc6 bxc6 13. Be3 Nc4 14. Qe2 Nxe3 15. Qxe3 Qb6 16. Qe2 Nc5 17. Rfd1 Rb8 18. Rab1 Be6 19. Nd4 Rfd8 20. Nxe6 Nxe6 21. Rxd8+ Rxd8 22. Qe1 Nc5 23. h3 Nd3 24. Qd2 Nxf2 25. Qxf2 Bd4 26. Rf1 Bxf2+ 27. Rxf2 Rd2 0-1

[Event "Titled Tuesday intern op 11th Feb Early"]
[Site "Chess.com INT"]
[Date "2025.02.11"]
[Round "5"]
[White "Agdestein, Simen"]
[Black "Ebrahimi Herab, Hamidreza"]
[Result "0-1"]
[WhiteElo "2573"]
[BlackElo "2417"]
[PlyCount "64"]
[EventDate "2025.02.11"]
[EventType "swiss (blitz)"]
[EventRounds "11"]
[EventCountry "USA"]
[SourceTitle "CB08_2025"]
[SourceDate "2025.02.19"]
[SourceVersion "1"]
[SourceVersionDate "2025.02.19"]
[SourceQuality "1"]

1. d4 Nf6 2. c4 g6 3. Nc3 d5 4. Nf3 Bg7 5. Bg5 Ne4 6. Bh4 Nxc3 7. bxc3 dxc4 8. e3 Be6 9. Nd2 b5 10. a4 c6 11. Be2 0-0 12. Bf3 Bd5 13. e4 Be6 14. 0-0 a6 15. axb5 cxb5 16. Qe2 Ra7 17. Rfb1 Bd7 18. e5 Bc6 19. e6 f6 20. Bg3 Bxf3 21. Qxf3 Qb6 22. d5 Qc5 23. Ne4 Qc8 24. Qe3 Rb7 25. Nc5 Rb6 26. Nd7 Nxd7 27. exd7 Qd8 28. Qc5 Rb7 29. Rxa6 Qxd7 30. d6 exd6 31. Rxd6 Qf5 32. Rbd1 Qxc5 0-1

[Event "Titled Tuesday intern op 11th Feb Early"]
[Site "Chess.com INT"]
[Date "2025.02.11"]
[Round "7"]
[White "Domingo Nunez, Alejandro"]
[Black "Ebrahimi Herab, Hamidreza"]
[Result "1-0"]
[WhiteElo "2333"]
[BlackElo "2417"]
[PlyCount "37"]
[EventDate "2025.02.11"]
[EventType "swiss (blitz)"]
[EventRounds "11"]
[EventCountry "USA"]
[SourceTitle "CB08_2025"]
[SourceDate "2025.02.19"]
[SourceVersion "1"]
[SourceVersionDate "2025.02.19"]
[SourceQuality "1"]

1. e4 c5 2. d4 cxd4 3. c3 dxc3 4. Nxc3 Nc6 5. Nf3 d6 6. Bc4 a6 7. 0-0 Nf6 8. Bf4 e6 9. Qe2 Be7 10. Rfd1 Qc7 11. Rac1 Ne5 12. Bxe5 dxe5 13. Bb5+ axb5 14. Nxb5 Qb8 15. Nc7+ Kf8 16. Nxa8 Qxa8 17. Qc4 Bd7 18. Rxd7 Nxd7 19. Qc8+ 1-0

[Event "Titled Tuesday intern op 11th Feb Early"]
[Site "Chess.com INT"]
[Date "2025.02.11"]
[Round "3"]
[White "Ebrahimi Herab, Hamidreza"]
[Black "Muniz, Francisco Allysson"]
[Result "1-0"]
[WhiteElo "2417"]
[BlackElo "2165"]
[PlyCount "47"]
[EventDate "2025.02.11"]
[EventType "swiss (blitz)"]
[EventRounds "11"]
[EventCountry "USA"]
[SourceTitle "CB08_2025"]
[SourceDate "2025.02.19"]
[SourceVersion "1"]
[SourceVersionDate "2025.02.19"]
[SourceQuality "1"]

1. d4 d5 2. c4 c6 3. Nc3 Nf6 4. Nf3 e6 5. e3 Nbd7 6. Qc2 Bd6 7. Bd3 e5 8. cxd5 exd4 9. dxc6 dxc3 10. cxd7+ Bxd7 11. Qxc3 Qe7 12. 0-0 Bc6 13. e4 Ng4 14. Qxg7 0-0-0 15. Qxg4+ Kb8 16. Bf4 h5 17. Qg3 h4 18. Bxd6+ Rxd6 19. Qf4 Qc7 20. Be2 Rg8 21. Nxh4 f5 22. Nxf5 Rxg2+ 23. Kxg2 Rg6+ 24. Kf3 1-0

[Event "Titled Tuesday intern op 04th Feb Early"]
[Site "Chess.com INT"]
[Date "2025.02.04"]
[Round "9"]
[White "Ebrahimi Herab, Hamidreza"]
[Black "Dzhumagaliev, Yan"]
[Result "1-0"]
[WhiteElo "2417"]
[BlackElo "2411"]
[PlyCount "37"]
[EventDate "2025.02.04"]
[EventType "swiss (blitz)"]
[EventRounds "11"]
[EventCountry "USA"]
[SourceTitle "CB07_2025"]
[SourceDate "2025.02.12"]
[SourceVersion "1"]
[SourceVersionDate "2025.02.12"]
[SourceQuality "1"]

1. d4 h5 2. e4 h4 3. h3 c6 4. Nc3 d5 5. Nf3 dxe4 6. Nxe4 Bf5 7. Bd3 Nf6 8. Nxf6+ gxf6 9. Bxf5 Qa5+ 10. c3 Qxf5 11. Qb3 b6 12. Be3 Nd7 13. 0-0-0 b5 14. d5 Rc8 15. dxc6 Rxc6 16. Nd4 Qe4 17. Nxc6 Qxc6 18. Qd5 Qxd5 19. Rxd5 1-0

[Event "Titled Tuesday intern op 04th Feb Early"]
[Site "Chess.com INT"]
[Date "2025.02.04"]
[Round "5"]
[White "Grot, Blazej"]
[Black "Ebrahimi Herab, Hamidreza"]
[Result "0-1"]
[WhiteElo "2190"]
[BlackElo "2417"]
[PlyCount "96"]
[EventDate "2025.02.04"]
[EventType "swiss (blitz)"]
[EventRounds "11"]
[EventCountry "USA"]
[SourceTitle "CB07_2025"]
[SourceDate "2025.02.12"]
[SourceVersion "1"]
[SourceVersionDate "2025.02.12"]
[SourceQuality "1"]

1. e4 c5 2. Nf3 e6 3. d4 cxd4 4. Nxd4 Nf6 5. Nc3 Nc6 6. Ndb5 Bc5 7. Bf4 0-0 8. Bc7 Qe7 9. Bd6 Bxd6 10. Qxd6 Qd8 11. 0-0-0 a6 12. Nd4 Na5 13. f3 b5 14. g4 Ne8 15. Qb4 Bb7 16. h4 Nc6 17. Nxc6 Bxc6 18. h5 a5 19. Qd4 b4 20. Ne2 d6 21. Kb1 e5 22. Qd2 h6 23. Nc1 Qb6 24. g5 hxg5 25. Qxg5 Qd8 26. Qd2 Qf6 27. Be2 Rd8 28. Bc4 Nc7 29. Rdg1 d5 30. exd5 Bxd5 31. Bxd5 Nxd5 32. Qe2 a4 33. Nd3 Rfe8 34. Nc5 a3 35. Ne4 Qh6 36. Rd1 axb2 37. Kxb2 Qc6 38. h6 g6 39. Qd3 Kh8 40. Qb3 Re7 41. Rd3 f5 42. Ng5 e4 43. fxe4 fxe4 44. Rg3 Qf6+ 45. Kb1 Nc3+ 46. Rxc3 bxc3 47. Rg1 Qxg5 48. Rxg5 Rd1# 0-1

[Event "Titled Tuesday intern op 04th Feb Late"]
[Site "Chess.com INT"]
[Date "2025.02.04"]
[Round "9"]
[White "Papp, Levente"]
[Black "Ebrahimi Herab, Hamidreza"]
[Result "1-0"]
[WhiteElo "2387"]
[BlackElo "2417"]
[PlyCount "79"]
[EventDate "2025.02.04"]
[EventType "swiss (blitz)"]
[EventRounds "11"]
[EventCountry "USA"]
[SourceTitle "CB07_2025"]
[SourceDate "2025.02.12"]
[SourceVersion "1"]
[SourceVersionDate "2025.02.12"]
[SourceQuality "1"]

1. b3 e5 2. Bb2 Nc6 3. c4 Nf6 4. Nf3 e4 5. Nd4 Bc5 6. Nf5 0-0 7. Ng3 Re8 8. Nc3 d6 9. e3 a6 10. Be2 g6 11. Qb1 Qe7 12. a3 h5 13. b4 Bb6 14. Nd5 Nxd5 15. cxd5 Na7 16. Qc2 f6 17. Qc3 Rf8 18. Qc2 Re8 19. f3 f5 20. Qc3 Kh7 21. fxe4 h4 22. exf5 gxf5 23. Nh5 Rf8 24. Nf6+ Kh6 25. g3 h3 26. g4 Nb5 27. Bxb5 axb5 28. g5+ Kg6 29. 0-0-0 Qe5 30. Qc2 Qe7 31. e4 Bd7 32. Qd3 fxe4 33. Qg3 Bf5 34. Rdf1 e3 35. Rxf5 exd2+ 36. Kd1 Kxf5 37. Qg4+ Kg6 38. Qh5+ Kf5 39. Rf1+ Bf2 40. Rxf2# 1-0

[Event "Titled Tuesday intern op 04th Feb Late"]
[Site "Chess.com INT"]
[Date "2025.02.04"]
[Round "5"]
[White "Sarana, Alexey"]
[Black "Ebrahimi Herab, Hamidreza"]
[Result "1-0"]
[WhiteElo "2672"]
[BlackElo "2417"]
[PlyCount "79"]
[EventDate "2025.02.04"]
[EventType "swiss (blitz)"]
[EventRounds "11"]
[EventCountry "USA"]
[SourceTitle "CB07_2025"]
[SourceDate "2025.02.12"]
[SourceVersion "1"]
[SourceVersionDate "2025.02.12"]
[SourceQuality "1"]

1. e4 c5 2. Nf3 d6 3. d4 cxd4 4. Nxd4 Nf6 5. Nc3 a6 6. Be3 e5 7. Nb3 Be6 8. f3 Be7 9. Qd2 h5 10. Nd5 Bxd5 11. exd5 a5 12. Bb5+ Nbd7 13. a4 0-0 14. 0-0 Qc7 15. Rfd1 Nb6 16. c4 Nxc4 17. Qc3 Rfc8 18. Bf2 Bd8 19. Rac1 Nb6 20. Qd2 Qe7 21. Nxa5 Nbxd5 22. Nc4 Qe6 23. Re1 Be7 24. Rcd1 Rc7 25. b3 Rac8 26. Bh4 Nf4 27. Kh1 N6d5 28. Bf2 Nf6 29. Bb6 h4 30. Bxc7 Rxc7 31. Nxd6 Bxd6 32. Qxd6 Qxd6 33. Rxd6 Rc2 34. g3 hxg3 35. hxg3 Ne6 36. Rxe5 Rc1+ 37. Kg2 Rc2+ 38. Kf1 g6 39. Bc4 Ng7 40. Rxf6 1-0